00570nam a2200145 a 450000100100000000500170001000800410002704000250006810000490009324500990014226000720024130000210031350000330033450000570036700004294720240305140748.0140213s2011 dr 001 0 spa d aDO-SdBNPbspacBNPHU1 a Rosa y Carpio, Ramón Benito de la,d1939-10aBenedicto XVI :bsobre el amor, la verdad y otros temas /cRamón Benito de la Rosa y Carpio. aSanto Domingo, :bDirección General de la Feria del Libro,c2011. a297 p. ;c23 cm. aIncluye índice analítico aIncluye datos biografícos del autor en las solapas